000 00411nam a2200145Ia 4500
008 100415s9999 xx 000 0 und d
082 _b13484
_a598.2
100 _aVoitkevich AA
245 _aThe feathers and plumage of birds
260 _aLONDON
_c1966
_bSIDGWICK & JACKSON
365 _b1935
630 _aThe feathers and plumage of birds
730 _aThe feathers and plumage of birds
942 _cBOOK
999 _c596400
_d596397